Boletín bibliográfico del Departamento de Biblioteca, Archivos Económicos y Publicaciones. (Record no. 6973)

MARC details
000 -CABECERA
campo de control de longitud fija 01248nam a2200265 a 4500
001 - NÚMERO DE CONTROL
campo de control BRCA_7297
005 - FECHA Y HORA DE LA ÚLTIMA TRANSACCIÓN
campo de control 20190320205802.0
008 - DATOS DE LONGITUD FIJA--INFORMACIÓN GENERAL
campo de control de longitud fija 190412s1951----mx-#######---#000-0#spa-#
041 ## - CÓDIGO DE LENGUA
Código de lengua del texto/banda sonora o título independiente spa
044 ## - CÓDIGO DEL PAÍS DE LA ENTIDAD EDITORA/PRODUCTORA
Código MARC del país mx
050 #4 - SIGNATURA TOPOGRÁFICA DE LA BIBLIOTECA DEL CONGRESO
Número de clasificación Z1007
Número de documento/Ítem .B65 1 1951
245 10 - MENCIÓN DE TÍTULO
Título Boletín bibliográfico del Departamento de Biblioteca, Archivos Económicos y Publicaciones.
260 ## - PUBLICACIÓN, DISTRIBUCIÓN, ETC.
Lugar de publicación, distribución, etc. México
Nombre del editor, distribuidor, etc. Secretaría de Hacienda y Crédito Público. Dirección de Estudios Financieros, Departamento de Biblioteca y Archivos Económicos
Fecha de publicación, distribución, etc. 1951
300 ## - DESCRIPCIÓN FÍSICA
Extensión 49 p.
Dimensiones 22 cm.
500 ## - NOTA GENERAL
Nota general No. 46, 1951
500 ## - NOTA GENERAL
Nota general Boletín inventariado por Banco de México como libro
500 ## - NOTA GENERAL
Nota general Ver también Q25, Q51 y Q91
500 ## - NOTA GENERAL
Nota general I145
505 0# - NOTA DE CONTENIDO CON FORMATO
Nota de contenido con formato I145a Artículo: Beltrán Martínez, Román. Las casas de moneda en los Estados de Sonora y Sinaloa. México: Secretaría de Hacienda y Crédito Público. Dirección de Estudios Hacendarios, Departamento de Biblioteca y Archivos Económicos, 1952. lii p.
610 24 - PUNTO DE ACCESO ADICIONAL DE MATERIA--NOMBRE DE ENTIDAD CORPORATIVA
Nombre de entidad corporativa o nombre de jurisdicción como elemento de entrada Departamento de Biblioteca Archivos Económicos y Publicaciones (México)
9 (RLIN) 18055
650 14 - PUNTO DE ACCESO ADICIONAL DE MATERIA--TÉRMINO DE MATERIA
Término de materia o nombre geográfico como elemento de entrada Bibliografía
Subdivisión de forma Publicaciones periódicas
9 (RLIN) 18056
710 2# - PUNTO DE ACCESO ADICIONAL--NOMBRE DE ENTIDAD CORPORATIVA
Nombre de entidad corporativa o nombre de jurisdicción como elemento de entrada Secretaría de Hacienda y Crédito Público (México)
9 (RLIN) 3608
902 ## - CATALOGADOR
Iniciales GFM
942 ## - ELEMENTOS DE PUNTO DE ACCESO ADICIONAL (KOHA)
Fuente del sistema de clasificación o colocación Library of Congress Classification
Tipo de ítem Koha Libros
Holdings
Estado de retiro Estado de pérdida Estado dañado No para préstamo Localización permanente Ubicación/localización actual Fecha de adquisición Número de inventario Total de préstamos Signatura topográfica completa Código de barras Fecha visto por última vez Precio válido a partir de Tipo de ítem Koha
El ejemplar forma parte de la colección y puede ser consultado según las políticas vigentes.       Biblioteca del Museo Franz Mayer (Rogerio Casas-Alatriste) Biblioteca del Museo Franz Mayer (Rogerio Casas-Alatriste) 19/04/2012 I145   Z1007 .B65 1 1951 (I145) 7879 22/03/2019 22/03/2019 Libros